| 000 | 00913nam a2200265 a 4500 | ||
|---|---|---|---|
| 001 | BRL_1534 | ||
| 005 | 20190320211242.0 | ||
| 008 | 180214s1988----u--o######---#000-0#eng-# | ||
| 041 | _aeng | ||
| 044 | _au | ||
| 050 | 4 |
_aF1465.3.M36 _b.P54 1988 |
|
| 100 | 1 |
_aPieper, Jeanne _927199 |
|
| 245 | 1 | 0 |
_aGuatemalan masks _bthe pieper Collection _ctext Jeanne Pieper ; photography Jim Pieper. |
| 260 |
_aLos Angeles, California _bCraft and Folk Art Museum _c1988 |
||
| 300 |
_a74 p. _bil., fotografías (blanco y negro) _c28 cm. |
||
| 500 | _aAu1801 | ||
| 504 | _aBibliografía: p. 74 | ||
| 600 | 1 | 4 |
_aPieper, Jim _vExposiciones _xColección etnológica _927200 |
| 600 | 1 | 4 |
_aPieper, Jeanne _vExposiciones _xColección etnológica _927201 |
| 610 | 2 | 4 |
_aCraft and Folk Art Museum _vExposiciones _927202 |
| 650 | 1 | 4 |
_aMáscaras _zGuatemala _927203 |
| 700 | 1 |
_aPieper, Jim _eil. _927204 |
|
| 902 | _aGRL | ||
| 942 |
_2lcc _cB |
||
| 999 |
_c10343 _d10343 |
||